LEADER 01843nam0 22003733i 450 001 CFI0204644 005 20231121125447.0 100 $a19960108d1990 ||||0itac50 ba 101 | $aita 102 $ait 181 1$6z01$ai $bxxxe 182 1$6z01$an 200 1 $aIndagine sul martirio di san Policarpo$ecritica storica e fortuna agiografica di un caso giudiziario in Asia Minore$fSilvia Ronchey 210 $aRoma$cnella sede dell'Istituto$d1990 215 $a240 p.$d26 cm. 225 | $aNuovi studi storici$fIstituto storico italiano per il Medioevo$v6 410 0$1001CFI0099725$12001 $aNuovi studi storici$fIstituto storico italiano per il Medioevo$v6$171202$aIstituto storico italiano per il Medio Evo$3CFIV017158 606 $aPolicarpo $xMartirio$xSaggi$2FIR$3RMLC382582$9I 606 $aMartyrium$xPolycarpi$xStudio critico$2FIR$3RMLC382583$9I 606 $aPolicarpo : di Smirne $xMartirio$2FIR$3RMLC055717$9I 676 $a270.1092$9$v21 700 1$aRonchey$b, Silvia$3CFIV021411$4070$0169492 801 3$aIT$bIT-01$c19960108 850 $aIT-RM028 $aIT-RM0313 $aIT-RM0418 $aIT-RM0151 $aIT-FR0017 899 $aBiblioteca Universitaria Alessandrina$bRM028 899 $aBIBLIOTECA CASANATENSE$bRM0313 899 $aBIBLIOTECA ACCADEMIA NAZ. DEI LINCEI E CORSINIANA$bRM0418 $eN 899 $aBiblioteca Istituto Storico Italiano Medio Evo - I$bRM0151 899 $aBiblioteca umanistica Giorgio Aprea$bFR0017 912 $aCFI0204644 950 0$aBiblioteca umanistica Giorgio Aprea$d 52MAG 3 Coll O 6$e 52FLS0000040645 VMB RS $fA $h20210222$i20210222 977 $a 01$a 07$a 10$a 41$a 52 996 $aIndagine sul martirio di san Policarpo$9871713 997 $aUNICAS